Turismo de naturaleza: (Registro nro. 20561)

Detalles MARC
000 -CABECERA
Campo de control 01145nam a22002777a 4500
005 - FECHA Y HORA DE LA ULTIMA TRANSACCION
Campo de control 20200104041806.0
008 - ELEMENTOS DE LONGITUD FIJA—INFORMACION GENERAL
Campo de control 191107b xxu||||| |||| 00| 0 spa d
020 ## - ISBN
ISBN 9789588945231
040 ## - FUENTE DE CATALOGACIÓN
Agencia catalogadora original CO-BoIAVH
Agencia transcriptora CO-BoIAVH
041 ## - IDIOMA
Código de idioma para texto/pista de sonido o título separado Español
044 ## - PAÍS DE PUBLICACIÓN
País de publicación Colombia
100 ## - ASIENTO PRINCIPAL--NOMBRE PERSONAL
9 (RLIN) 101914
Nombre personal Álzate Acuña, Laura
Término relacionado Autor
245 ## - MENCION DE TITULO
Título Turismo de naturaleza:
Parte restante del título Con enfoque en reduccción de gases efecto invernadero causados por deforestación y degradación de bosques (REDD+).
260 ## - PUBLICACION, DISTRIBUCION, ETC. (PIE DE IMPRENTA)
Lugar de publicación, distribución, etc. Bogotá:
Nombre del editor, distribuidor, etc. GIZ,
-- Corporación Biocomercio Sostenible,
Fecha de publicación, distribución, etc. 2017.
300 ## - DESCRIPCION FISICA
Extensión 46 Páginas:
Otros detalles físicos ilustraciones y fotografías,
Dimensiones 21 x 28 cm.
650 #0 - ASIENTO SECUNDARIO DE MATERIA - TERMINO TEMATICO
9 (RLIN) 78936
Término temático o nombre geográfico como elemento de entrada Guías de estudio
650 #0 - ASIENTO SECUNDARIO DE MATERIA - TERMINO TEMATICO
9 (RLIN) 19478
Término temático o nombre geográfico como elemento de entrada Turismo de la naturaleza
650 #0 - ASIENTO SECUNDARIO DE MATERIA - TERMINO TEMATICO
Término temático o nombre geográfico como elemento de entrada Desarrollo sostenible
9 (RLIN) 278
650 #0 - ASIENTO SECUNDARIO DE MATERIA - TERMINO TEMATICO
9 (RLIN) 6131
Término temático o nombre geográfico como elemento de entrada Conservación de bosques
Subdivisión geográfica Colombia
700 ## - ASIENTO SECUNDARIO - NOMBRE PERSONAL
9 (RLIN) 101918
Nombre personal Grosso Rodriguez, Helena
Término de relación Autor
700 ## - ASIENTO SECUNDARIO - NOMBRE PERSONAL
9 (RLIN) 2367
Nombre personal Arcos Dorado- Adriana Lucia
Término de relación investigador
700 ## - ASIENTO SECUNDARIO - NOMBRE PERSONAL
9 (RLIN) 101916
Nombre personal López Osorio, Luisa Fernanda
Término de relación investigador
700 ## - ASIENTO SECUNDARIO - NOMBRE PERSONAL
9 (RLIN) 101919
Nombre personal Santana Lozano, Javier
Término de relación Metodólogo SENA
700 ## - ASIENTO SECUNDARIO - NOMBRE PERSONAL
9 (RLIN) 101920
Nombre personal Moreno Betancourt, Nathaly
Término de relación Metodólogo SENA
942 ## - ELEMENTOS ADICIONALES (KOHA)
Sistema de clasificación Dewey Decimal Classification
Tipo de ítem Libro
Existencias
Withdrawn status Lost status Sistema de Clasificación Damaged status No para préstamo Colección Ubicación Permanente Ubicación actual Fecha de adquisición Total Checkouts Número topográfico Inventario / Código de Barras Date last seen Ejemplar Price effective from Forma de adquisición Tipo de material
    Dewey Decimal Classification     Hemeroteca Bogotá Bogotá 07/11/2019   FG-0357 043694 07/11/2019 Ej.1 07/11/2019 Canje Folleto
    Dewey Decimal Classification     Hemeroteca Bogotá Bogotá 07/11/2019   FG-0357 043695 07/11/2019 Ej.2 07/11/2019 Canje Folleto
    Dewey Decimal Classification     Hemeroteca Bogotá Bogotá 07/11/2019   FG-0357 043696 07/11/2019 Ej.3 07/11/2019 Canje Folleto